| 000 | 004710000a22001810004500 | ||
|---|---|---|---|
| 003 | MACL | ||
| 005 | 20150802152437.0 | ||
| 008 | 150802b xxu||||| |||| 00| 0 eng d | ||
| 040 |
_aMACL _cMACL |
||
| 041 | _aEnglish | ||
| 082 | _a370/MAH | ||
| 100 |
_aMahajan, Sucheta _94388 |
||
| 245 |
_aEducation For Social Change _bMVF and child labour |
||
| 260 |
_bNational Book Trust _c2008 _aNew Delhi |
||
| 350 | _a40 | ||
| 650 |
_aEducation _94389 |
||
| 942 |
_cBK _k370/MAH _2ddc |
||
| 999 |
_c41125 _d41125 |
||